Science Quiz

Random Science or Animal Quiz

Toxic Sea Creatures Quiz Stats

Quiz Updated Nov 14, 2017

Challenge
Share
Tweet
Score 0/15 Timer 05:00
1 Play Today
% Correct
Stingray
(Dasyatis pastinaca)
95.1%
Crown-of-thorns Sea Star
(Acanthaster planci)
89.3%
Lionfish
(Pterois volitans)
87.3%
Pufferfish
(Tetraodontidae)
86.3%
Blue-ringed Octopus
(Hapalochlaena)
82.1%
Portuguese Man-o-war
(Physalia physalis)
79.2%
Striped Surgeonfish
(Acanthurus lineatus)
78.9%
Banded Sea Krait
(Laticauda colubrina)
74.9%
% Correct
Geographic Cone Snail
(Conus geographus)
70.6%
Reef Stonefish
(Synanceia verrucosa)
66.1%
Nudibranch
(Nembrotha kubaryana)
65.1%
Scorpionfish
(Scorpaenae)
63.5%
Flamboyant Cuttlefish
(Metasepia pfefferi)
59.6%
Box Jellyfish
(Cubozoa)
56.7%
Stargazer Fish
(Uranoscopidae)
54.9%

You're not logged in!

Compare scores with friends on all Sporcle quizzes.
Sign Up with Email
OR
Log In

You Might Also Like...

Show Comments

Extras

Top Quizzes Today


Score Distribution

Your Account Isn't Verified!

In order to create a playlist on Sporcle, you need to verify the email address you used during registration. Go to your Sporcle Settings to finish the process.